000 00569nam a2200229Ia 4500
003 OSt
005 20220918230446.0
006 a|||||r|||| 00| 0
007 ta
008 220917b |||||||| |||| 00| 0 eng d
024 _a253,153
037 _cTextual
040 _aARTS
_cARTS
_beng
041 _2eng
_aeng
082 _aT9(U4260.3), 122M2
245 0 _aEducation of inmigrants children in france
260 _c1982
300 _a280p.
_ccm.
650 _aEDUCATION
942 _hT9(U4260.3), 122M2
_cTEXL
_2CC
999 _c288054
_d288054